Dictionary Pronunciation Spelling Bee Quiz Stats

 Plays Quiz Updated Nov 21, 2015

Challenge
Share
Tweet
Embed
Score 0/20 Timer 05:00
1 Play Today
M-W Pronunciation Proper Spelling % Correct
ˈärd-ˌvärkAardvark
87.4%
ˈla-bə-ˌrin(t)thLabyrinth
83.3%
ə-ˈbiz-məlAbysmal
80.5%
ˈnü-sən(t)sNuisance
77.6%
ˈmis-chə-vəsMischievous
75.8%
ˈrän-di-ˌvüRendezvous
73.5%
sə-ˈsep-tə-bəlSusceptible
73.1%
ˌsi-lə-ˈwetSilhouette
72.3%
ve-tə-rə-ˈner-ē-ənVeterinarian
71.1%
ˈka-mə-ˌfläzhCamouflage
70.6%
M-W Pronunciation Proper Spelling % Correct
ˌbyu̇r-ə-ˈkra-tikBureaucratic
68.4%
ˈmä-kə-sənMoccasin
61.5%
ˌgü-bə(r)-nə-ˈtȯr-ē-əlGubernatorial
58.9%
ˈdir-ə-jə-bəlDirigible
57.9%
ig-ˌzi-lə-ˈrā-shənExhilaration
56%
a-kwē-ˈesAcquiesce
54.9%
ˌper-ə-fə(r)-ˈnāl-Paraphernalia
46.8%
ˌä-nə-ˌmä-tə-ˈpē-əOnomatopoeia
46.6%
ˈfyü-shəFuchsia
45.4%
tär-ˈpȯ-lənTarpaulin
45.1%

You're not logged in!

Compare scores with friends on all Sporcle quizzes.
OR
Log In

You Might Also Like...

Show Comments

Extras

Top Quizzes Today


Score Distribution

Your Account Isn't Verified!

In order to create a playlist on Sporcle, you need to verify the email address you used during registration. Go to your Sporcle Settings to finish the process.

Report this User

Report this user for behavior that violates our Community Guidelines.

Details: